|
|
|
|
| LEADER |
00000nam0a2200000 4500 |
| 001 |
155952 |
| 005 |
20231101221855.0 |
| 010 |
|
|
|a 9785866562268
|
| 035 |
|
|
|a (RuTPU)RU\TPU\book\169141
|
| 090 |
|
|
|a 155952
|
| 100 |
|
|
|a 20090320d2008 k y0rusy50 ca
|
| 101 |
0 |
|
|a rus
|
| 102 |
|
|
|a RU
|
| 105 |
|
|
|a a z 011zy
|
| 200 |
1 |
|
|a Оксалаты редкоземельных элементов и актиноидов
|f В. А. Матюха, С. В. Матюха
|g Росатом
|
| 205 |
|
|
|a 3-е изд., перераб. и доп.
|
| 210 |
|
|
|a Москва
|c ИздАТ
|d 2008
|
| 215 |
|
|
|a 608 с.
|c ил.
|
| 300 |
|
|
|a Посвящается 60-летию города Северска, 60-летию Сибирского химического комбината, 50-летию Северской государственной технологической академии.
|
| 320 |
|
|
|a Библиогр.: с. 563-604.
|
| 330 |
|
|
|a Систематизированы и обобщены экспериментальные данные по химииоксалатных соединений редкоземельных элементов и актиноидов, и на основании критического анализа представлено современное состояние химии оксалатов элементов обеих серий. Описаны методы синтеза соединений и их важнейшие физико-химические свойства. Рассмотрены комллексообразование, окислительно-восстановительные процессы в оксалатных средах, их кинетика и механизм протекания. Приведены данные о кристаллической структуре соединений, а также термодинамические величины для процессов их образования. Подробно описано применение оксалатов редкоземельных элементов и актиноидов для получения других соединений, в производстве ядерного топлива, включая использование избыточного оружейного плутония, при переработке отработавшего ядерного топлива, в процессах переработки радиоактивных отходов, а также для разделения, выделения и аналитического определения элементов. Обсуждаются различные аспекты дальнейших исследований оксалатных систем редкоземельных элементов и актиноидов. Второе издание вышло в Москве в «Энергоатомиздате» в 2004 г. Для научных и инженерно-технических работников, преподавателей и студентов.
|
| 606 |
1 |
|
|a Редкоземельные элементы, оксалаты
|x Химия
|2 stltpush
|3 (RuTPU)RU\TPU\subj\75160
|9 87031
|
| 606 |
1 |
|
|a Актиниды, оксалаты
|x Химия
|2 stltpush
|3 (RuTPU)RU\TPU\subj\75269
|9 87115
|
| 610 |
1 |
|
|a оксалатные соединения
|
| 610 |
1 |
|
|a кристаллические структуры
|
| 610 |
1 |
|
|a молекулярная структура
|
| 610 |
1 |
|
|a физико-химические свойства
|
| 610 |
1 |
|
|a комплексообразование
|
| 610 |
1 |
|
|a окислительно-восстановительные процессы
|
| 610 |
1 |
|
|a химия
|
| 675 |
|
|
|a 546.65
|v 3
|
| 675 |
|
|
|a 546.790
|v 3
|
| 700 |
|
1 |
|a Матюха
|b В. А.
|g Владимир Александрович
|
| 701 |
|
1 |
|a Матюха
|b С. В.
|g Сергей Владимирович
|
| 712 |
0 |
2 |
|a Росатом
|c Государственная корпорация по атомной энергии
|c (2008- )
|2 stltpush
|3 (RuTPU)RU\TPU\col\14349
|9 25907
|
| 801 |
|
1 |
|a RU
|b 63413507
|c 20090320
|g PSBO
|
| 801 |
|
2 |
|a RU
|b 63413507
|c 20160328
|g PSBO
|
| 942 |
|
|
|c BK
|